000 01094cam a2200277 i 4500
001 768714001
003 CO-MdBIC
005 20231201162029.0
008 231201t1991 sp ||||| |||| 00| 0 spa d
020 _a84-7645-514-3
040 _bspa.
_aCO-MdFUSB
_cCO-MdFUSB
_dCO-MdFUSBC
_erda
041 _aspa
082 0 4 _aG 232 C9652c
100 1 _aCuenca Trabado, José Antonio
245 1 0 _aCristología actual y Filipenses 2:6-11 / José Antonio Cuenca Trabado
_c/
264 1 _aBarcelona : CLIE
_bClie,
_c[1991]
264 4 _c©1991
300 _a159 Pag
_c;
336 _atexto
_btxt
_2rdacontent
337 _2rdamedia
_asin mediación
_bn
338 _2rdacarrier
_avolumen
_bnc
505 0 0 _a- Introducción: presupuestos teológicos y tesis, presupuestos críticos y método - Tendencias de la cristología actual: existencial, histórica, secular, política - Filipenses 2:6-11, como punto de partida para una cristología actual: preexistencia, encarnación, vida encarnada, exaltación, estado de exaltación
650 7 _9239
_aCristología
942 _cBK
945 _ajohan1477
999 _c41535
_d41535